[Event "European Senior Chess Championship 2018"]
[Site "Drammen, Norway"]
[Date "2018.08.03"]
[Round "4"]
[White "Thjomoe, Hans Richard"]
[Black "Sorokina, Tamara"]
[Result "0-1"]
[WhiteElo "1888"]
[BlackElo "2050"]
[PlyCount "118"]
[EventDate "2018.??.??"]

1. e4 c5 2. Nc3 e6 3. f4 a6 4. Nf3 Nc6 5. d3 d6 6. g3 g6 7. Bg2 Bg7 8. O-O Nge7
9. Kh1 O-O 10. Ne2 d5 11. c3 b6 12. Qe1 Bb7 13. Neg1 Qc7 14. Nh3 a5 15. Nf2 Ba6
16. Rg1 Rad8 17. Bf1 a4 18. e5 b5 19. a3 Na5 20. g4 Nb3 21. Rb1 d4 22. Ne4 Bb7
23. Rg3 Bxe4 24. Qxe4 Nc6 25. Bg2 Rc8 26. Rh3 Ne7 27. Qe1 dxc3 28. bxc3 Nxc1
29. Rxc1 h6 30. Qe3 Rfd8 31. f5 exf5 32. e6 Nd5 33. exf7+ Qxf7 34. Ne5 Nxe3 35.
Nxf7 Kxf7 36. Rxe3 f4 37. Rf3 g5 38. c4 bxc4 39. Rxc4 Rd4 40. Rh3 Rxc4 41. Bd5+
Ke7 42. Bxc4 Rb8 43. Kg2 Kd6 44. Rf3 Ke5 45. Rf2 Kd4 46. Kf3 Kc3 47. Ke4 Bd4
48. Rf1 Re8+ 49. Kf5 Re2 50. h4 gxh4 51. Kg6 h3 52. Kxh6 h2 53. Bd5 Rf2 54. Rh1
Kxd3 55. g5 f3 56. g6 c4 57. g7 Bxg7+ 58. Kxg7 c3 59. Bxf3 Rxf3 0-1

[Event "European Senior Chess Championship 2018"]
[Site "Drammen, Norway"]
[Date "2018.08.03"]
[Round "4"]
[White "Taksrud, Vidar"]
[Black "Ilyes, Peter"]
[Result "1-0"]
[WhiteElo "2047"]
[BlackElo "1944"]
[PlyCount "59"]
[EventDate "2018.??.??"]

1. Nf3 e6 2. g3 b6 3. Bg2 Bb7 4. O-O c5 5. c4 f5 6. d3 Nf6 7. Nc3 Be7 8. e4
fxe4 9. Ng5 O-O 10. dxe4 h6 11. Nh3 e5 12. f4 d6 13. f5 Nc6 14. Nd5 Nd4 15. Nf2
Nxd5 16. cxd5 Bg5 17. Nh3 Bxc1 18. Rxc1 Ba6 19. Rf2 b5 20. Bf1 Qa5 21. g4 Qd8
22. g5 Rc8 23. Qg4 hxg5 24. Nxg5 Qf6 25. Rc3 Rc7 26. Rh3 g6 27. Rh6 gxf5 28.
Rxf6 fxg4 29. Rxf8+ Kg7 30. Ne6+
1-0

[Event "European Senior Chess Championship 2018"]
[Site "Drammen, Norway"]
[Date "2018.08.03"]
[Round "4"]
[White "Svanholm, Borge Waaktaar"]
[Black "Ludviksson, Johannes"]
[Result "1/2-1/2"]
[WhiteElo "1862"]
[BlackElo "2024"]
[PlyCount "61"]
[EventDate "2018.??.??"]

1. c4 g6 2. d4 c5 3. Nf3 Bg7 4. e4 cxd4 5. Nxd4 Nc6 6. Be3 d6 7. Nc3 Nf6 8. Be2
O-O 9. O-O Bd7 10. f3 b6 11. Qd2 Re8 12. Rfd1 Qc8 13. Rac1 Qb7 14. b3 Nb4 15.
Bf1 Na6 16. Nde2 Nc5 17. Nf4 Ne6 18. Nfd5 Nc7 19. Bg5 Nfxd5 20. exd5 b5 21. Re1
Bf8 22. Ne4 bxc4 23. bxc4 Na6 24. Be3 Rec8 25. Qa5 Nc7 26. Rb1 Qa6 27. Qd2 Bf5
28. c5 Qa4 29. Rb4 Qa5 30. cxd6 exd6 31. Rd1
1/2-1/2

[Event "European Senior Chess Championship 2018"]
[Site "Drammen, Norway"]
[Date "2018.08.03"]
[Round "4"]
[White "Hewson, Brian W R"]
[Black "Patola, Eero"]
[Result "1-0"]
[WhiteElo "2012"]
[BlackElo "1856"]
[PlyCount "61"]
[EventDate "2018.??.??"]

1. Nf3 c5 2. g3 Nf6 3. Bg2 g6 4. O-O Bg7 5. c4 O-O 6. Nc3 Nc6 7. d3 d6 8. Rb1
Rb8 9. a3 Bd7 10. b4 cxb4 11. axb4 Qc8 12. b5 Nd8 13. Bg5 Ne6 14. Bxf6 exf6 15.
Nd5 Re8 16. Qc1 Nc7 17. Nc3 Bf5 18. Qa3 a6 19. Nd4 Bf8 20. b6 Ne6 21. Nxf5 gxf5
22. Nd5 Kg7 23. Qb2 Be7 24. e3 Nc5 25. Qe2 Bd8 26. Bh3 Re5 27. d4 Rxd5 28. cxd5
Ne4 29. Rfc1 Qd7 30. Qc2 Kg6 31. Qxe4
1-0

[Event "European Senior Chess Championship 2018"]
[Site "Drammen, Norway"]
[Date "2018.08.03"]
[Round "4"]
[White "Rubinstein, Mark"]
[Black "Johnsen, Oystein"]
[Result "0-1"]
[WhiteElo "1850"]
[BlackElo "2009"]
[PlyCount "88"]
[EventDate "2018.??.??"]

1. c4 c6 2. d4 d5 3. e3 a6 4. a4 Nf6 5. Nc3 e6 6. f3 Bb4 7. Bd2 Nbd7 8. Bd3 e5
9. Nge2 exd4 10. exd4 dxc4 11. Bxc4 O-O 12. O-O Nb6 13. Bb3 Nbd5 14. Nxd5 Nxd5
15. Bxd5 Bxd2 16. Bxf7+ Rxf7 17. Qxd2 Be6 18. Qc3 Rd7 19. a5 Qf6 20. b4 Rad8
21. Rfd1 Rd5 22. Rd2 Rg5 23. Ng3 Rgd5 24. Ne4 Qf7 25. Re1 h6 26. Nc5 Bc8 27.
Nb3 Re8 28. Rde2 Rdd8 29. Re5 Rxe5 30. Rxe5 Re8 31. Nc5 Rxe5 32. dxe5 Be6 33.
Ne4 Qg6 34. Nd6 h5 35. Nxb7 Qb1+ 36. Kf2 Qa2+ 37. Ke3 Qxg2 38. Qxc6 Qg1+ 39.
Ke4 Qe1+ 40. Kf4 Qh4+ 41. Ke3 Qe1+ 42. Kf4 g5+ 43. Kxg5 Qxe5+ 44. Kh4 Qf4+
0-1

[Event "European Senior Chess Championship 2018"]
[Site "Drammen, Norway"]
[Date "2018.08.03"]
[Round "4"]
[White "Strand, Kjetil"]
[Black "Kabanova, Irina"]
[Result "1-0"]
[WhiteElo "1994"]
[BlackElo "1847"]
[PlyCount "91"]
[EventDate "2018.??.??"]

1. e4 c5 2. Nf3 e6 3. d4 cxd4 4. Nxd4 a6 5. Nc3 Qc7 6. Qf3 Nf6 7. Bg5 Be7 8.
Bd3 Nc6 9. Nxc6 dxc6 10. a4 h6 11. Be3 Bd7 12. a5 c5 13. Qg3 Qxg3 14. hxg3 Rc8
15. Bc4 Ng4 16. Bf4 Bf6 17. O-O Bc6 18. Rfe1 Be5 19. Nd5 Bd4 20. Re2 e5 21. Bc1
Rd8 22. c3 Bxf2+ 23. Rxf2 Nxf2 24. Kxf2 O-O 25. Be3 Bxd5 26. Bxd5 Rd7 27. Bxc5
Rc8 28. b4 Kh7 29. Ke3 Re8 30. Rf1 Kg6 31. Rf3 Rc8 32. c4 Rxc5 33. bxc5 Rc7 34.
Rf2 f6 35. Rb2 Rxc5 36. Rxb7 Rxa5 37. Ra7 Ra3+ 38. Kf2 Ra2+ 39. Kg1 Ra1+ 40.
Kh2 Rc1 41. Rxa6 Kg5 42. Ra5 h5 43. c5 g6 44. c6 f5 45. Ra4 Rc5 46. Rc4
1-0

[Event "European Senior Chess Championship 2018"]
[Site "Drammen, Norway"]
[Date "2018.08.03"]
[Round "4"]
[White "Solli, Oddvar"]
[Black "Danielsson, Robert"]
[Result "1/2-1/2"]
[WhiteElo "1796"]
[BlackElo "1993"]
[PlyCount "39"]
[EventDate "2018.??.??"]

1. Nf3 c5 2. c4 g6 3. g3 Bg7 4. Bg2 Nc6 5. O-O e5 6. Nc3 d6 7. Rb1 Nge7 8. Nd5
a5 9. d3 O-O 10. Ne1 Rb8 11. Nc2 b5 12. Nxe7+ Nxe7 13. cxb5 Rxb5 14. b3 Rb8 15.
Bd2 Bd7 16. a3 Bc6 17. b4 Bxg2 18. Kxg2 cxb4 19. axb4 axb4 20. Rxb4
1/2-1/2

[Event "European Senior Chess Championship 2018"]
[Site "Drammen, Norway"]
[Date "2018.08.03"]
[Round "4"]
[White "Milashevskaja, Valentina"]
[Black "Wahlstedt, Mats"]
[Result "1/2-1/2"]
[WhiteElo "1748"]
[BlackElo "1951"]
[PlyCount "144"]
[EventDate "2018.??.??"]

1. Nf3 Nf6 2. d4 d6 3. c4 g6 4. Nc3 Bg7 5. e4 O-O 6. Be2 c6 7. O-O Qc7 8. Bf4
Nh5 9. Be3 Nd7 10. Rc1 e5 11. d5 c5 12. Qd2 a6 13. a3 Nhf6 14. h3 h5 15. Bh6
Ne8 16. Bxg7 Kxg7 17. Ng5 Ndf6 18. f4 exf4 19. Rxf4 Nd7 20. Rcf1 Ne5 21. Nf3
Qe7 22. Nxe5 Qxe5 23. R4f2 Bd7 24. Qf4 Qxf4 25. Rxf4 f6 26. R4f2 Nc7 27. a4 b6
28. Rb1 Rfe8 29. Bd3 Re5 30. b4 Ra7 31. bxc5 bxc5 32. Rfb2 Bc8 33. Rb6 Ne8 34.
Rb8 Rc7 35. a5 Ree7 36. Na4 Bb7 37. Kf2 Kf7 38. Kf3 Ng7 39. g4 g5 40. Rb6 hxg4+
41. hxg4 Ne8 42. Rb1 Kg7 43. Bc2 Kf7 44. Nc3 Ng7 45. Ba4 Bc8 46. Bc6 Bd7 47.
Bb7 Re8 48. Rxe8 Nxe8 49. Bxa6 Ra7 50. Rb6 Nc7 51. Bb5 Bxb5 52. Nxb5 Nxb5 53.
Rxb5 Ke7 54. Ke3 Kd7 55. Kd3 Kc7 56. Kc3 Ra8 57. Kb3 Rh8 58. Ka4 Rh1 59. Rb3
Ra1+ 60. Kb5 Kb7 61. Rb2 Ra3 62. Rf2 Rb3+ 63. Ka4 Rc3 64. Rxf6 Rxc4+ 65. Kb3
Rxe4 66. Rxd6 Rxg4 67. Rc6 Rd4 68. Rxc5 g4 69. Kc3 Rd1 70. Kc2 Rd4 71. Kc3 Rd1
72. Kc2 Rd4 1/2-1/2

[Event "European Senior Chess Championship 2018"]
[Site "Drammen, Norway"]
[Date "2018.08.03"]
[Round "4"]
[White "Rostad, Rolf"]
[Black "Tveten, Per"]
[Result "1-0"]
[WhiteElo "1813"]
[BlackElo "1526"]
[PlyCount "59"]
[EventDate "2018.??.??"]

1. e4 e5 2. Nf3 Nc6 3. d4 exd4 4. Nxd4 Bc5 5. c3 Nf6 6. Nxc6 bxc6 7. Bd3 d5 8.
exd5 cxd5 9. O-O O-O 10. Bg5 h6 11. Bh4 Be7 12. Nd2 Re8 13. Re1 Bg4 14. Qa4 Bd7
15. Qc2 c6 16. Nf3 Bg4 17. Ne5 Be6 18. Nxc6 Qd6 19. Nxe7+ Qxe7 20. h3 g5 21.
Bg3 Qd7 22. Bf1 Bf5 23. Qb3 Rab8 24. Bxb8 Rxe1 25. Rxe1 Ne4 26. Bh2 d4 27. Rd1
Kh7 28. Rxd4 Qe7 29. Qb4 Nf6 30. Qxe7
1-0

[Event "European Senior Chess Championship 2018"]
[Site "Drammen, Norway"]
[Date "2018.08.03"]
[Round "4"]
[White "Podlovna, Stella"]
[Black "Lie, Terje"]
[Result "0-1"]
[WhiteElo "1607"]
[BlackElo "1502"]
[PlyCount "137"]
[EventDate "2018.??.??"]

1. d4 Nf6 2. Nf3 e6 3. Bf4 d5 4. e3 c5 5. c3 Nc6 6. Nbd2 Be7 7. h3 O-O 8. Bd3
cxd4 9. cxd4 Nb4 10. Bb1 Bd7 11. a3 Nc6 12. O-O Nh5 13. Bh2 g6 14. Bd3 Bf6 15.
Rc1 Qb6 16. b4 Rfc8 17. Nb3 a5 18. Nc5 Be8 19. b5 Na7 20. a4 Be7 21. Nb3 Qd8
22. Qe2 b6 23. Qb2 Bd6 24. Bxd6 Qxd6 25. Rxc8 Rxc8 26. Rc1 Qb8 27. Rxc8 Qxc8
28. Qc2 f6 29. Nbd2 Ng7 30. e4 f5 31. e5 h6 32. g4 Qxc2 33. Bxc2 fxg4 34. hxg4
g5 35. Kg2 Nc8 36. Nb3 Ne7 37. Nc1 Ng6 38. Ne2 Bf7 39. Kg3 Ne8 40. Nh2 Kg7 41.
f4 gxf4+ 42. Nxf4 Nxf4 43. Kxf4 Bg6 44. Bxg6 Kxg6 45. Nf3 Nc7 46. Nh4+ Kf7 47.
g5 Kg7 48. gxh6+ Kxh6 49. Nf3 Kg6 50. Ne1 Ne8 51. Nd3 Ng7 52. Nc5 Kf7 53. Nd7
Nf5 54. Nxb6 Nxd4 55. Nd7 Ke7 56. Nc5 Kf7 57. Nb7 Nb3 58. Nd6+ Ke7 59. b6 Kd7
60. Kg5 Nc5 61. b7 Kc7 62. Kf6 d4 63. Nb5+ Kxb7 64. Nxd4 Nxa4 65. Kxe6 Nc5+ 66.
Kd6 Kb6 67. Nb3 Nxb3 68. e6 Nd4 69. e7 0-1

[Event "European Senior Chess Championship 2018"]
[Site "Drammen, Norway"]
[Date "2018.08.03"]
[Round "5"]
[White "Kolbak, Jens"]
[Black "Werner, Clemens"]
[Result "1/2-1/2"]
[WhiteElo "2181"]
[BlackElo "2258"]
[PlyCount "52"]
[EventDate "2018.??.??"]

1. Nf3 Nf6 2. d4 g6 3. g3 d5 4. Bg2 Bg7 5. O-O O-O 6. c4 c6 7. b3 Bf5 8. Bb2
Nbd7 9. Nbd2 Qa5 10. a3 Qa6 11. Rc1 Ne4 12. Nh4 Nxd2 13. Qxd2 Be6 14. c5 Rfc8
15. Nf3 h6 16. Rfe1 b6 17. Bf1 Qb7 18. b4 a5 19. Ne5 Nxe5 20. dxe5 axb4 21.
axb4 Ra2 22. Ra1 Rca8 23. Rxa2 Rxa2 24. Ra1 Rxa1 25. Bxa1 Qa7 26. Bd4 b5
1/2-1/2

[Event "European Senior Chess Championship 2018"]
[Site "Drammen, Norway"]
[Date "2018.08.03"]
[Round "5"]
[White "Hartung-Nielsen, Jens"]
[Black "Wahlstedt, Mats"]
[Result "1-0"]
[WhiteElo "2211"]
[BlackElo "1951"]
[PlyCount "67"]
[EventDate "2018.??.??"]

1. c4 Nf6 2. g3 d5 3. Bg2 e6 4. Nf3 Nbd7 5. b3 Bd6 6. O-O c6 7. Bb2 O-O 8. d3
b6 9. Nc3 Bb7 10. e4 dxe4 11. dxe4 Qc7 12. Qe2 e5 13. Rad1 Rad8 14. Nh4 Rfe8
15. Nf5 Bf8 16. Bc1 h6 17. Qf3 Kh7 18. g4 g6 19. g5 hxg5 20. Bxg5 Re6 21. Bh3
Rde8 22. Ne3 Bg7 23. Bxe6 Rxe6 24. Rd2 Bc8 25. Rfd1 Kg8 26. Ng4 Nh5 27. Ne2 f6
28. Be3 Re8 29. Ng3 Nf4 30. Ne2 Nh5 31. Nh6+ Kf8 32. Qg4 f5 33. Qxg6 Ndf6 34.
Rd7
1-0

[Event "European Senior Chess Championship 2018"]
[Site "Drammen, Norway"]
[Date "2018.08.03"]
[Round "5"]
[White "Johnsen, Oystein"]
[Black "Vinke, Dietmar"]
[Result "0-1"]
[WhiteElo "2009"]
[BlackElo "2166"]
[PlyCount "97"]
[EventDate "2018.??.??"]

1. d4 Nf6 2. Nf3 g6 3. Bf4 Bg7 4. e3 d6 5. h3 O-O 6. c3 Nbd7 7. Be2 b6 8. O-O
Bb7 9. Bh2 Re8 10. a4 a5 11. b4 e5 12. b5 Qe7 13. Re1 Ne4 14. Bf1 Rad8 15. d5
f5 16. Ra3 Ndc5 17. c4 Qf6 18. Nbd2 Re7 19. Nxe4 Nxe4 20. Qc2 Bc8 21. Kh1 g5
22. Bd3 Nc5 23. Bf1 Rf8 24. Ng1 f4 25. e4 h5 26. f3 Qg6 27. Be2 Bf6 28. Bd1 Rh7
29. g4 Kf7 30. Re2 Rfh8 31. Rg2 Rh6 32. Qf2 Ke7 33. Bc2 hxg4 34. hxg4 Bd7 35.
Bb1 Qh7 36. Ra2 Be8 37. Ne2 Kd8 38. Nc3 Nd7 39. Kg1 Nf8 40. Qe2 Be7 41. Kf1 Ng6
42. Bg1 Qg7 43. Rd2 R8h7 44. Rh2 Rh3 45. Bc2 Bd7 46. Qf2 Bxg4 47. fxg4 Rxc3 48.
Bd3 Rc1+ 49. Kg2
0-1

[Event "European Senior Chess Championship 2018"]
[Site "Drammen, Norway"]
[Date "2018.08.03"]
[Round "5"]
[White "Moe, Mogens"]
[Black "Strand, Kjetil"]
[Result "1-0"]
[WhiteElo "2150"]
[BlackElo "1994"]
[PlyCount "65"]
[EventDate "2018.??.??"]

1. e4 e5 2. Nf3 Nc6 3. Bc4 Bc5 4. c3 Nf6 5. d4 exd4 6. e5 d5 7. Bb5 Ne4 8. cxd4
Bb6 9. Nc3 O-O 10. Be3 f6 11. Qb3 Nxc3 12. bxc3 fxe5 13. Bxc6 bxc6 14. Nxe5 Qd6
15. O-O Ba6 16. Rfe1 Rab8 17. Qb4 c5 18. dxc5 Qxe5 19. cxb6 axb6 20. Qa3 Bc4
21. Bc5 Qf5 22. Bxf8 Rxf8 23. Qb2 h6 24. Re3 Ra8 25. a3 Ra5 26. Rae1 Rb5 27.
Qc1 Rb3 28. a4 Kh7 29. Rg3 Bd3 30. Rf3 Rb1 31. Qxb1 Bxb1 32. Rxf5 Bxf5 33. Re5
1-0

[Event "European Senior Chess Championship 2018"]
[Site "Drammen, Norway"]
[Date "2018.08.03"]
[Round "5"]
[White "Anguera Maestro, Jaime"]
[Black "Malmdin, Nils-Ake"]
[Result "1/2-1/2"]
[WhiteElo "2042"]
[BlackElo "2135"]
[PlyCount "27"]
[EventDate "2018.??.??"]

1. d4 d6 2. c4 e5 3. dxe5 dxe5 4. Qxd8+ Kxd8 5. Nc3 Be6 6. e4 Nd7 7. Bd2 c6 8.
O-O-O f6 9. f4 Kc7 10. Nf3 h6 11. Kc2 g5 12. f5 Bf7 13. Be3 h5 14. Be2
1/2-1/2

[Event "European Senior Chess Championship 2018"]
[Site "Drammen, Norway"]
[Date "2018.08.03"]
[Round "5"]
[White "Schouten, Nico"]
[Black "Goncharov, Viktor"]
[Result "1-0"]
[WhiteElo "2126"]
[BlackElo "2041"]
[PlyCount "95"]
[EventDate "2018.??.??"]

1. d4 Nf6 2. c4 e6 3. Nc3 Bb4 4. e3 O-O 5. Nf3 b6 6. Be2 Bb7 7. O-O Bxc3 8.
bxc3 d6 9. Nd2 Nbd7 10. f3 Qe7 11. Nb3 c5 12. e4 e5 13. Be3 Rfe8 14. Qd2 Nf8
15. Bd3 Rac8 16. Qe2 Rc7 17. Rae1 h6 18. g3 N6h7 19. Nd2 Ne6 20. f4 f6 21. Nf3
Nd8 22. d5 Bc8 23. f5 Nf8 24. h4 Bxf5 25. exf5 e4 26. Bf4 exf3 27. Qf2 Qd7 28.
Rxe8 Qxe8 29. Bxd6 Rd7 30. Bf4 Nf7 31. Re1 Re7 32. Re6 Ne5 33. Bxe5 fxe5 34.
Qxf3 Qf7 35. Rc6 Rc7 36. d6 Rd7 37. Be4 Qf6 38. Qd3 Rd8 39. a4 Kh8 40. Qd5 g6
41. fxg6 Nd7 42. Qd2 Kg7 43. Rc7 Qe6 44. Qd3 h5 45. Bf5 e4 46. Qd5 Qxd5 47.
cxd5 Kf6 48. Rxd7 1-0

[Event "European Senior Chess Championship 2018"]
[Site "Drammen, Norway"]
[Date "2018.08.03"]
[Round "5"]
[White "Archangelsky, Mikhail"]
[Black "Neumann, Joachim"]
[Result "1-0"]
[WhiteElo "2033"]
[BlackElo "2124"]
[PlyCount "55"]
[EventDate "2018.??.??"]

1. d4 Nf6 2. Nf3 b6 3. e3 Bb7 4. Bd3 c5 5. O-O e6 6. c3 Nc6 7. Nbd2 d5 8. Ne5
Qc7 9. f4 Bd6 10. b3 O-O 11. Bb2 Ne7 12. Qf3 Nf5 13. g4 Nh4 14. Qg3 Ng6 15.
Rac1 Ne4 16. Nxe4 dxe4 17. Be2 Bxe5 18. fxe5 f6 19. exf6 Qxg3+ 20. hxg3 cxd4
21. cxd4 gxf6 22. d5 Bxd5 23. Rxf6 Rxf6 24. Bxf6 Rb8 25. g5 Rb7 26. Rc8+ Kf7
27. Ba6 Rd7 28. Bb5
1-0

[Event "European Senior Chess Championship 2018"]
[Site "Drammen, Norway"]
[Date "2018.08.03"]
[Round "5"]
[White "Ilyes, Peter"]
[Black "Hohler, Peter"]
[Result "1-0"]
[WhiteElo "1944"]
[BlackElo "2091"]
[PlyCount "65"]
[EventDate "2018.??.??"]

1. d4 Nf6 2. Bf4 d5 3. e3 Bf5 4. Nd2 e6 5. c3 c6 6. a4 Be7 7. a5 O-O 8. Qb3 Qc8
9. h3 c5 10. dxc5 Bxc5 11. Ngf3 Ne4 12. c4 Nxd2 13. Nxd2 dxc4 14. Bxc4 Nc6 15.
O-O Qd7 16. Rfd1 Qe7 17. Bb5 Rac8 18. Nc4 Rfd8 19. Rxd8+ Rxd8 20. Rd1 Rxd1+ 21.
Qxd1 e5 22. Bg3 f6 23. a6 Be6 24. f4 exf4 25. Bxf4 Nd8 26. Kh2 bxa6 27. Bxa6
Qd7 28. Qh5 Qc6 29. Na5 Qxa6 30. Qxc5 Nb7 31. Qe7 g5 32. Nxb7 gxf4 33. Nc5
1-0

[Event "European Senior Chess Championship 2018"]
[Site "Drammen, Norway"]
[Date "2018.08.03"]
[Round "5"]
[White "Zhelesny, Stanislav"]
[Black "Hewson, Brian W R"]
[Result "1/2-1/2"]
[WhiteElo "2077"]
[BlackElo "2012"]
[PlyCount "24"]
[EventDate "2018.??.??"]

1. Nf3 d5 2. g3 Nf6 3. Bg2 c6 4. d4 Bf5 5. Nbd2 h6 6. c4 e6 7. O-O Nbd7 8. b3
Be7 9. Bb2 O-O 10. Ne5 Ne4 11. cxd5 exd5 12. Nxe4 dxe4
1/2-1/2

[Event "European Senior Chess Championship 2018"]
[Site "Drammen, Norway"]
[Date "2018.08.03"]
[Round "5"]
[White "Ashby, Anthony C"]
[Black "Sather, Lars"]
[Result "1-0"]
[WhiteElo "2055"]
[BlackElo "1720"]
[PlyCount "69"]
[EventDate "2018.??.??"]

1. e4 e6 2. d4 c5 3. c3 b6 4. Nf3 Bb7 5. Bd3 Nf6 6. Nbd2 Ba6 7. Bxa6 Nxa6 8.
Qe2 Nc7 9. O-O Be7 10. Ne5 O-O 11. f4 Qe8 12. g4 g6 13. g5 Nh5 14. Ndf3 f6 15.
Ng4 d6 16. Be3 Qd8 17. Rad1 fxg5 18. fxg5 Nf4 19. Bxf4 Rxf4 20. Nh6+ Kg7 21. h4
Rxh4 22. Nxh4 Bxg5 23. Nf7 Qe7 24. Nxg5 Qxg5+ 25. Ng2 e5 26. dxc5 Ne6 27. Rxd6
Nf4 28. Rd7+ Kh8 29. Qf3 bxc5 30. Rf2 Rf8 31. Kf1 Qh4 32. Nxf4 Rxf4 33. Qg2 g5
34. Rxf4 exf4 35. e5
1-0

[Event "European Senior Chess Championship 2018"]
[Site "Drammen, Norway"]
[Date "2018.08.03"]
[Round "5"]
[White "Sorokina, Tamara"]
[Black "Sand, Rolf, Dr."]
[Result "1/2-1/2"]
[WhiteElo "2050"]
[BlackElo "1990"]
[PlyCount "66"]
[EventDate "2018.??.??"]

1. Nf3 c5 2. b3 d6 3. Bb2 e5 4. d3 Nc6 5. e3 g6 6. Be2 Bg7 7. O-O Nge7 8. Nbd2
O-O 9. Rb1 h6 10. c3 Be6 11. d4 cxd4 12. cxd4 exd4 13. Nxd4 Nxd4 14. Bxd4 Bxd4
15. exd4 Nd5 16. Rc1 Qd7 17. Bd3 Rac8 18. Qf3 Nb4 19. Bb1 Bd5 20. Qg3 Nc6 21.
Qh4 Kg7 22. Nc4 Bxc4 23. bxc4 d5 24. c5 g5 25. Qg3 f5 26. Qd3 Rce8 27. Rce1 Re4
28. Qc3 Ree8 29. Bc2 Qf7 30. a4 a5 31. Bd3 Nb4 32. Bb5 Re4 33. f3 Re7
1/2-1/2

[Event "European Senior Chess Championship 2018"]
[Site "Drammen, Norway"]
[Date "2018.08.03"]
[Round "5"]
[White "Hauge, Tor Arne"]
[Black "Ingham, H William"]
[Result "1-0"]
[WhiteElo "2037"]
[BlackElo "1819"]
[PlyCount "111"]
[EventDate "2018.??.??"]

1. b3 e5 2. Bb2 d6 3. c4 Nf6 4. g3 Be7 5. Bg2 c6 6. e3 O-O 7. Ne2 Nbd7 8. Nbc3
Re8 9. O-O Bf8 10. d4 g6 11. Qc2 Bg7 12. Rad1 Qc7 13. Ba3 Nf8 14. d5 c5 15. Nb5
Qe7 16. b4 a6 17. Nbc3 b6 18. bxc5 bxc5 19. Rb1 Qc7 20. Qb3 N8d7 21. e4 Rb8 22.
Qc2 Rxb1 23. Rxb1 Bb7 24. Bc1 Rb8 25. Na4 Bc8 26. Rxb8 Qxb8 27. Qb3 Qc7 28. Bd2
h5 29. h4 Kh7 30. f3 Bh6 31. Be1 Qb7 32. Bh3 Kg7 33. Kf2 Kf8 34. Ba5 Qxb3 35.
axb3 Ke7 36. Bc3 Nb6 37. Bxc8 Nxc8 38. Ba5 Kd7 39. Ng1 Bf8 40. Nh3 Nh7 41. Bd2
f6 42. g4 hxg4 43. fxg4 Be7 44. h5 gxh5 45. gxh5 Ng5 46. Nxg5 fxg5 47. Kg3 Ke8
48. Kg4 Kf7 49. Nc3 Nb6 50. Bxg5 Bf8 51. Kf5 Bg7 52. h6 Bh8 53. Ne2 Nd7 54. Ng3
Bf6 55. Nh5 Bxg5 56. h7
1-0

[Event "European Senior Chess Championship 2018"]
[Site "Drammen, Norway"]
[Date "2018.08.03"]
[Round "5"]
[White "Ludviksson, Johannes"]
[Black "Carulla Pons, Carlos"]
[Result "1-0"]
[WhiteElo "2024"]
[BlackElo "1835"]
[PlyCount "73"]
[EventDate "2018.??.??"]

1. e4 e6 2. d4 d5 3. Nc3 dxe4 4. Nxe4 Nd7 5. Nf3 Ngf6 6. Bg5 Be7 7. Nxf6+ Nxf6
8. Bd3 O-O 9. O-O c5 10. c3 cxd4 11. Nxd4 Qb6 12. Qc2 h6 13. Bh4 Bd7 14. a4 a5
15. Rfe1 Rfe8 16. Nb5 Nd5 17. Bg3 Rac8 18. Qe2 Bxb5 19. axb5 Bd6 20. Ra4 Bxg3
21. hxg3 Nf6 22. Rea1 Ra8 23. b4 Nd5 24. Qe1 Qc7 25. bxa5 Qxc3 26. Qe4 f5 27.
Qe2 Qf6 28. R4a3 Rec8 29. Bc4 Kh8 30. Re1 Qd4 31. Bxd5 exd5 32. a6 bxa6 33.
bxa6 Ra7 34. Qe6 Rca8 35. Qxf5 Rxa6 36. Rxa6 Rxa6 37. Re8#
1-0

[Event "European Senior Chess Championship 2018"]
[Site "Drammen, Norway"]
[Date "2018.08.03"]
[Round "5"]
[White "Danielsson, Robert"]
[Black "Munar Mut, Antonio"]
[Result "1-0"]
[WhiteElo "1993"]
[BlackElo "1909"]
[PlyCount "103"]
[EventDate "2018.??.??"]

1. d4 d5 2. c4 Nc6 3. cxd5 Qxd5 4. e3 e5 5. Nc3 Bb4 6. Bd2 Bxc3 7. bxc3 exd4 8.
cxd4 Nf6 9. Nf3 O-O 10. Be2 Ne4 11. O-O Bg4 12. Qc2 Nxd2 13. Qxd2 Rad8 14. Rab1
a6 15. Rfc1 b5 16. Rb2 Qd6 17. Qc3 Bxf3 18. Bxf3 Ne7 19. Rbc2 c6 20. Qa5 Qe6
21. h3 Rc8 22. Qxa6 Ra8 23. Qb7 Rfb8 24. Qc7 Rc8 25. Qe5 Qxe5 26. dxe5 Kf8 27.
Bxc6 Nxc6 28. Rxc6 Rxc6 29. Rxc6 Rxa2 30. Rc7 b4 31. Rb7 Rb2 32. g3 b3 33. Kg2
h6 34. g4 g6 35. h4 Rb1 36. h5 gxh5 37. gxh5 b2 38. Kf3 Ke8 39. Ke4 Rh1 40.
Rxb2 Rxh5 41. Rb7 Rh1 42. Kf5 Ra1 43. Rb6 Rh1 44. Kf6 Rh3 45. Rb8+ Kd7 46. Rb7+
Ke8 47. Re7+ Kd8 48. Rxf7 Ke8 49. f4 Rxe3 50. Rh7 Rf3 51. f5 Rg3 52. Rh8+
1-0

[Event "European Senior Chess Championship 2018"]
[Site "Drammen, Norway"]
[Date "2018.08.03"]
[Round "5"]
[White "Kuznetsova, Luba"]
[Black "Solli, Oddvar"]
[Result "1/2-1/2"]
[WhiteElo "1983"]
[BlackElo "1796"]
[PlyCount "38"]
[EventDate "2018.??.??"]

1. d4 d5 2. e3 Nf6 3. f4 g6 4. Nf3 Bg7 5. Bd3 O-O 6. Nbd2 Nbd7 7. O-O b6 8. c3
Bb7 9. Qe1 e6 10. h3 c5 11. Nh2 Ne4 12. Ndf3 Qc8 13. Ng4 Ba6 14. Qd1 Bxd3 15.
Qxd3 Qb7 16. Kh2 b5 17. Bd2 a5 18. Be1 c4 19. Qc2 Rab8
1/2-1/2

[Event "European Senior Chess Championship 2018"]
[Site "Drammen, Norway"]
[Date "2018.08.03"]
[Round "5"]
[White "Smeby, Ole"]
[Black "Milashevskaja, Valentina"]
[Result "1-0"]
[WhiteElo "1980"]
[BlackElo "1748"]
[PlyCount "49"]
[EventDate "2018.??.??"]

1. d4 Nf6 2. c4 e6 3. Nf3 c5 4. d5 d6 5. Nc3 Be7 6. Nd2 e5 7. e4 O-O 8. Be2 a6
9. a4 Nbd7 10. O-O Re8 11. Re1 g6 12. Nf1 Bf8 13. Be3 Bg7 14. Qd2 a5 15. Bg5
Qb6 16. Ng3 Nb8 17. h4 Na6 18. h5 Bg4 19. Bxf6 Bxe2 20. Bxg7 Kxg7 21. Rxe2 Qd8
22. Nb5 Nc7 23. Nxc7 Qxc7 24. Qg5 h6 25. Nf5+
1-0

[Event "European Senior Chess Championship 2018"]
[Site "Drammen, Norway"]
[Date "2018.08.03"]
[Round "5"]
[White "Ladisic, Alex-Sacha"]
[Black "Rubinstein, Mark"]
[Result "1-0"]
[WhiteElo "1962"]
[BlackElo "1850"]
[PlyCount "45"]
[EventDate "2018.??.??"]

1. e4 g6 2. d4 Bg7 3. Nc3 d6 4. Be3 e5 5. dxe5 Bxe5 6. Qd2 Nc6 7. f4 Bg7 8. Nf3
Nge7 9. O-O-O Bg4 10. Be2 O-O 11. h3 Bxf3 12. Bxf3 Rb8 13. g4 h6 14. h4 f6 15.
Be2 a6 16. Bc4+ Kh7 17. f5 Ne5 18. Be6 gxf5 19. gxf5 h5 20. Qe2 Qe8 21. Rdg1
Ng8 22. Nd5 c6 23. Nc7
1-0

[Event "European Senior Chess Championship 2018"]
[Site "Drammen, Norway"]
[Date "2018.08.03"]
[Round "5"]
[White "Lie, Terje"]
[Black "Lerstad, Bjorn"]
[Result "1/2-1/2"]
[WhiteElo "1502"]
[BlackElo "1916"]
[PlyCount "46"]
[EventDate "2018.??.??"]

1. d4 Nf6 2. c4 c5 3. d5 e6 4. dxe6 fxe6 5. Bg5 Be7 6. Nf3 Nc6 7. e3 O-O 8. Be2
d6 9. Nc3 a6 10. O-O Qc7 11. a3 b6 12. Qc2 Bb7 13. Rfd1 Rad8 14. Bd3 h6 15. Bh4
Ng4 16. Bg3 Nce5 17. Nxe5 Nxe5 18. Be2 Qc6 19. e4 Qe8 20. Bxe5 dxe5 21. Rxd8
Bxd8 22. Rd1 Bc6 23. Qd3 Bc7
1/2-1/2

[Event "European Senior Chess Championship 2018"]
[Site "Drammen, Norway"]
[Date "2018.08.03"]
[Round "5"]
[White "Rostad, Rolf"]
[Black "Thjomoe, Hans Richard"]
[Result "1/2-1/2"]
[WhiteElo "1813"]
[BlackElo "1888"]
[PlyCount "27"]
[EventDate "2018.??.??"]

1. e4 e5 2. Nf3 Nc6 3. Bb5 Nf6 4. d3 d6 5. h3 Be7 6. c3 O-O 7. O-O Bd7 8. Nbd2
Na5 9. Bxd7 Qxd7 10. Re1 Nc6 11. Nf1 Nd8 12. Ng3 g6 13. Be3 Ne6 14. Qc2
1/2-1/2